00563nam a2200181Ii 45000010005000000030009000050080041000140400033000550410008000880820015000961100043001112450065001542640069002193000012002883360026003003370028003263380027003544489CO-ViMGA241108s9999||||xx |||||||||||||| ||und|| aCO-ViMGAbspaerdacCO-ViMGA0 aspa04a595.7 I59m1 aInstituto Colombiano Agropecuario ICA,10aManejo de Insectos, Plagas y beneficios de la Palma Africana 1aBogotá, Colombia : Instituto Colombiano Agropecuario ICA, 1992 avolumen atextbtxt2rdacontent aunmediatedbn2rdamedia avolumebnc2rdacarrier